Animals of Indonesia- Sudden Death - Statistics

General Stats
  • This quiz has been taken 73 times
    66 since last reset
  • The average score is 4 of 16
Answers on the Grid
Answers color-coded by a green-red scale on the quiz's grid according to % correct below.
Cuscuses
Wallabies
Gliders
Elephants
Quolls
Macaques
Binturongs
Squirrels
Echidnas
Deer
Kookaburas
Wonderpuses
Cassowaries
Tarsiers
Hornbills
Flying Foxes
Toucans
Wombats
Gila Monsters
Gnu
Baboons
Lemurs
Chameleons
Alligators
River Dolphins
Magpies
Chimpanzees
Genets
Hedgehogs
Lions
Kiwis
Moles
 
Answer Stats
Answer % Correct
Elephants
54%
Deer
42%
Binturongs
38%
Cassowaries
35%
Tarsiers
31%
Hornbills
27%
Flying Foxes
19%
Gliders
15%
Macaques
15%
Squirrels
15%
Cuscuses
12%
Echidnas
12%
Quolls
12%
Wallabies
12%
Kookaburas
8%
Wonderpuses
8%
No matching quizzes found
Score Distribution
Percent of People with Each Score
Percentile by Number Answered
Your Score History
You have not taken this quiz since the last reset